<?xml version="1.0" encoding="UTF-8"?>
<record
    xmlns:xsi="http://www.w3.org/2001/XMLSchema-instance"
    xsi:schemaLocation="http://www.loc.gov/MARC21/slim http://www.loc.gov/standards/marcxml/schema/MARC21slim.xsd"
    xmlns="http://www.loc.gov/MARC21/slim">

  <leader>06075nam a2200553 a 4500</leader>
  <controlfield tag="005">20080424141239.0</controlfield>
  <controlfield tag="008">071126s2009    maua   | b    001 0 eng  </controlfield>
  <datafield tag="010" ind1=" " ind2=" ">
    <subfield code="a">ENG-91188                    B-311731-750</subfield>
  </datafield>
  <datafield tag="020" ind1=" " ind2=" ">
    <subfield code="a">9780070221154</subfield>
    <subfield code="c">375.00</subfield>
  </datafield>
  <datafield tag="020" ind1=" " ind2=" ">
    <subfield code="a">0070221154</subfield>
    <subfield code="c">375.00</subfield>
  </datafield>
  <datafield tag="035" ind1=" " ind2=" ">
    <subfield code="a">EN-74721</subfield>
  </datafield>
  <datafield tag="035" ind1=" " ind2=" ">
    <subfield code="a"> B-311731-750</subfield>
  </datafield>
  <datafield tag="035" ind1=" " ind2=" ">
    <subfield code="a"> B-357628</subfield>
  </datafield>
  <datafield tag="037" ind1=" " ind2=" ">
    <subfield code="b">DBAD / PUB</subfield>
  </datafield>
  <datafield tag="037" ind1=" " ind2=" ">
    <subfield code="b">UBH</subfield>
  </datafield>
  <datafield tag="040" ind1=" " ind2=" ">
    <subfield code="a">dpl</subfield>
    <subfield code="b">English </subfield>
  </datafield>
  <datafield tag="082" ind1=" " ind2=" ">
    <subfield code="a">000</subfield>
  </datafield>
  <datafield tag="100" ind1=" " ind2=" ">
    <subfield code="a">Sharma, Arun </subfield>
  </datafield>
  <datafield tag="245" ind1=" " ind2=" ">
    <subfield code="a">Study package for MAT (Management Aptitude Test) /</subfield>
    <subfield code="c">by Arun Sharma </subfield>
  </datafield>
  <datafield tag="260" ind1=" " ind2=" ">
    <subfield code="a">New Delhi </subfield>
    <subfield code="b">Tata McGraw-Hill  Publishing</subfield>
    <subfield code="c">2008(repr.). </subfield>
  </datafield>
  <datafield tag="270" ind1=" " ind2=" ">
    <subfield code="a">7, West Patel Nagar, </subfield>
    <subfield code="b">New Delhi </subfield>
    <subfield code="e">110008</subfield>
  </datafield>
  <datafield tag="300" ind1=" " ind2=" ">
    <subfield code="a">Various pagings :</subfield>
    <subfield code="b">ill. </subfield>
    <subfield code="c">26 cm. (pbk)</subfield>
  </datafield>
  <datafield tag="490" ind1=" " ind2=" ">
    <subfield code="a">Tata McGraw-Hill winning edge series </subfield>
  </datafield>
  <datafield tag="942" ind1=" " ind2=" ">
    <subfield code="2">ddc</subfield>
    <subfield code="c">EN</subfield>
    <subfield code="h">000</subfield>
    <subfield code="m">SHA</subfield>
  </datafield>
  <datafield tag="999" ind1=" " ind2=" ">
    <subfield code="c">16317</subfield>
    <subfield code="d">16317</subfield>
  </datafield>
  <datafield tag="952" ind1=" " ind2=" ">
    <subfield code="0">0</subfield>
    <subfield code="1">0</subfield>
    <subfield code="2">ddc</subfield>
    <subfield code="4">0</subfield>
    <subfield code="7">1</subfield>
    <subfield code="8">NFIC</subfield>
    <subfield code="a">DBAD</subfield>
    <subfield code="b">DBAD</subfield>
    <subfield code="d">2008-10-07</subfield>
    <subfield code="g">375.00</subfield>
    <subfield code="l">0</subfield>
    <subfield code="o">000 SHA</subfield>
    <subfield code="p">EN-74721</subfield>
    <subfield code="r">2008-10-07 00:00:00</subfield>
    <subfield code="t">1</subfield>
    <subfield code="v">375.00</subfield>
    <subfield code="w">2008-10-07</subfield>
    <subfield code="y">EN</subfield>
  </datafield>
  <datafield tag="952" ind1=" " ind2=" ">
    <subfield code="0">0</subfield>
    <subfield code="1">0</subfield>
    <subfield code="2">ddc</subfield>
    <subfield code="4">0</subfield>
    <subfield code="7">0</subfield>
    <subfield code="8">NFIC</subfield>
    <subfield code="a">L</subfield>
    <subfield code="b">L</subfield>
    <subfield code="d">2009-05-18</subfield>
    <subfield code="e">UBH/280/19.1.09/265/12.12.08/20.1.09</subfield>
    <subfield code="g">399.00</subfield>
    <subfield code="l">5</subfield>
    <subfield code="m">6</subfield>
    <subfield code="o">000 SHA</subfield>
    <subfield code="p">B-311731</subfield>
    <subfield code="r">2022-01-18 00:00:00</subfield>
    <subfield code="s">2022-01-03</subfield>
    <subfield code="t">1</subfield>
    <subfield code="v">399.00</subfield>
    <subfield code="w">2009-05-18</subfield>
    <subfield code="y">EN</subfield>
  </datafield>
  <datafield tag="952" ind1=" " ind2=" ">
    <subfield code="0">0</subfield>
    <subfield code="1">0</subfield>
    <subfield code="2">ddc</subfield>
    <subfield code="4">0</subfield>
    <subfield code="7">0</subfield>
    <subfield code="8">NFIC</subfield>
    <subfield code="a">M</subfield>
    <subfield code="b">M</subfield>
    <subfield code="d">2009-05-18</subfield>
    <subfield code="e">UBH/280/19.1.09/265/12.12.08/20.1.09</subfield>
    <subfield code="g">399.00</subfield>
    <subfield code="l">0</subfield>
    <subfield code="o">000 SHA</subfield>
    <subfield code="p">B-311732</subfield>
    <subfield code="r">2009-05-18 00:00:00</subfield>
    <subfield code="t">2</subfield>
    <subfield code="v">399.00</subfield>
    <subfield code="w">2009-05-18</subfield>
    <subfield code="y">EN</subfield>
  </datafield>
  <datafield tag="952" ind1=" " ind2=" ">
    <subfield code="0">0</subfield>
    <subfield code="1">0</subfield>
    <subfield code="2">ddc</subfield>
    <subfield code="4">0</subfield>
    <subfield code="7">0</subfield>
    <subfield code="8">NFIC</subfield>
    <subfield code="a">M</subfield>
    <subfield code="b">M</subfield>
    <subfield code="d">2009-05-18</subfield>
    <subfield code="e">UBH/280/19.1.09/265/12.12.08/20.1.09</subfield>
    <subfield code="g">399.00</subfield>
    <subfield code="l">0</subfield>
    <subfield code="o">000 SHA</subfield>
    <subfield code="p">B-311733</subfield>
    <subfield code="r">2009-05-18 00:00:00</subfield>
    <subfield code="t">2</subfield>
    <subfield code="v">399.00</subfield>
    <subfield code="w">2009-05-18</subfield>
    <subfield code="y">EN</subfield>
  </datafield>
  <datafield tag="952" ind1=" " ind2=" ">
    <subfield code="0">0</subfield>
    <subfield code="1">0</subfield>
    <subfield code="2">ddc</subfield>
    <subfield code="4">0</subfield>
    <subfield code="7">0</subfield>
    <subfield code="8">NFIC</subfield>
    <subfield code="a">BL1</subfield>
    <subfield code="b">BL1</subfield>
    <subfield code="d">2009-05-18</subfield>
    <subfield code="e">UBH/280/19.1.09/265/12.12.08/20.1.09</subfield>
    <subfield code="g">399.00</subfield>
    <subfield code="l">0</subfield>
    <subfield code="o">000 SHA</subfield>
    <subfield code="p">B-311734</subfield>
    <subfield code="r">2009-05-18 00:00:00</subfield>
    <subfield code="t">1</subfield>
    <subfield code="v">399.00</subfield>
    <subfield code="w">2009-05-18</subfield>
    <subfield code="y">EN</subfield>
  </datafield>
  <datafield tag="952" ind1=" " ind2=" ">
    <subfield code="0">0</subfield>
    <subfield code="1">0</subfield>
    <subfield code="2">ddc</subfield>
    <subfield code="4">0</subfield>
    <subfield code="7">0</subfield>
    <subfield code="8">NFIC</subfield>
    <subfield code="a">KGM</subfield>
    <subfield code="b">KGM</subfield>
    <subfield code="d">2009-05-18</subfield>
    <subfield code="e">UBH/280/19.1.09/265/12.12.08/20.1.09</subfield>
    <subfield code="g">399.00</subfield>
    <subfield code="l">0</subfield>
    <subfield code="o">000 SHA</subfield>
    <subfield code="p">B-311735</subfield>
    <subfield code="r">2009-05-18 00:00:00</subfield>
    <subfield code="t">1</subfield>
    <subfield code="v">399.00</subfield>
    <subfield code="w">2009-05-18</subfield>
    <subfield code="y">EN</subfield>
  </datafield>
  <datafield tag="952" ind1=" " ind2=" ">
    <subfield code="0">0</subfield>
    <subfield code="1">0</subfield>
    <subfield code="2">ddc</subfield>
    <subfield code="4">0</subfield>
    <subfield code="7">0</subfield>
    <subfield code="8">NFIC</subfield>
    <subfield code="a">PR</subfield>
    <subfield code="b">PR</subfield>
    <subfield code="d">2009-05-18</subfield>
    <subfield code="e">UBH/280/19.1.09/265/12.12.08/20.1.09</subfield>
    <subfield code="g">399.00</subfield>
    <subfield code="l">5</subfield>
    <subfield code="m">1</subfield>
    <subfield code="o">000 SHA</subfield>
    <subfield code="p">B-311736</subfield>
    <subfield code="r">2022-07-27 00:00:00</subfield>
    <subfield code="s">2022-07-15</subfield>
    <subfield code="t">1</subfield>
    <subfield code="v">399.00</subfield>
    <subfield code="w">2009-05-18</subfield>
    <subfield code="y">EN</subfield>
  </datafield>
  <datafield tag="952" ind1=" " ind2=" ">
    <subfield code="0">0</subfield>
    <subfield code="1">0</subfield>
    <subfield code="2">ddc</subfield>
    <subfield code="4">0</subfield>
    <subfield code="7">0</subfield>
    <subfield code="8">NFIC</subfield>
    <subfield code="a">ZLS</subfield>
    <subfield code="b">JP</subfield>
    <subfield code="d">2009-05-18</subfield>
    <subfield code="e">UBH/280/19.1.09/265/12.12.08/20.1.09</subfield>
    <subfield code="g">399.00</subfield>
    <subfield code="l">31</subfield>
    <subfield code="m">5</subfield>
    <subfield code="o">000 SHA</subfield>
    <subfield code="p">B-311737</subfield>
    <subfield code="q">2011-09-22</subfield>
    <subfield code="r">2011-09-08 00:00:00</subfield>
    <subfield code="s">2011-09-08</subfield>
    <subfield code="t">1</subfield>
    <subfield code="v">399.00</subfield>
    <subfield code="w">2009-05-18</subfield>
    <subfield code="y">EN</subfield>
  </datafield>
  <datafield tag="952" ind1=" " ind2=" ">
    <subfield code="0">0</subfield>
    <subfield code="1">0</subfield>
    <subfield code="2">ddc</subfield>
    <subfield code="4">0</subfield>
    <subfield code="7">0</subfield>
    <subfield code="8">NFIC</subfield>
    <subfield code="a">RKP</subfield>
    <subfield code="b">RKP</subfield>
    <subfield code="d">2009-05-18</subfield>
    <subfield code="e">UBH/280/19.1.09/265/12.12.08/20.1.09</subfield>
    <subfield code="g">399.00</subfield>
    <subfield code="l">0</subfield>
    <subfield code="o">000 SHA</subfield>
    <subfield code="p">B-311738</subfield>
    <subfield code="r">2009-05-18 00:00:00</subfield>
    <subfield code="t">1</subfield>
    <subfield code="v">399.00</subfield>
    <subfield code="w">2009-05-18</subfield>
    <subfield code="y">EN</subfield>
  </datafield>
  <datafield tag="952" ind1=" " ind2=" ">
    <subfield code="0">0</subfield>
    <subfield code="1">0</subfield>
    <subfield code="2">ddc</subfield>
    <subfield code="4">0</subfield>
    <subfield code="7">0</subfield>
    <subfield code="8">NFIC</subfield>
    <subfield code="a">AG</subfield>
    <subfield code="b">AG</subfield>
    <subfield code="d">2009-05-18</subfield>
    <subfield code="e">UBH/280/19.1.09/265/12.12.08/20.1.09</subfield>
    <subfield code="g">399.00</subfield>
    <subfield code="l">0</subfield>
    <subfield code="o">000 SHA</subfield>
    <subfield code="p">B-311739</subfield>
    <subfield code="r">2009-05-18 00:00:00</subfield>
    <subfield code="t">1</subfield>
    <subfield code="v">399.00</subfield>
    <subfield code="w">2009-05-18</subfield>
    <subfield code="y">EN</subfield>
  </datafield>
  <datafield tag="952" ind1=" " ind2=" ">
    <subfield code="0">0</subfield>
    <subfield code="1">0</subfield>
    <subfield code="2">ddc</subfield>
    <subfield code="4">0</subfield>
    <subfield code="7">0</subfield>
    <subfield code="8">NFIC</subfield>
    <subfield code="a">SP</subfield>
    <subfield code="b">SP</subfield>
    <subfield code="d">2009-05-18</subfield>
    <subfield code="e">UBH/280/19.1.09/265/12.12.08/20.1.09</subfield>
    <subfield code="g">399.00</subfield>
    <subfield code="l">0</subfield>
    <subfield code="o">000 SHA</subfield>
    <subfield code="p">B-311740</subfield>
    <subfield code="r">2009-05-18 00:00:00</subfield>
    <subfield code="t">1</subfield>
    <subfield code="v">399.00</subfield>
    <subfield code="w">2009-05-18</subfield>
    <subfield code="y">EN</subfield>
  </datafield>
  <datafield tag="952" ind1=" " ind2=" ">
    <subfield code="0">0</subfield>
    <subfield code="1">0</subfield>
    <subfield code="2">ddc</subfield>
    <subfield code="4">0</subfield>
    <subfield code="7">0</subfield>
    <subfield code="8">NFIC</subfield>
    <subfield code="a">QRP</subfield>
    <subfield code="b">QRP</subfield>
    <subfield code="d">2009-05-18</subfield>
    <subfield code="e">UBH/280/19.1.09/265/12.12.08/20.1.09</subfield>
    <subfield code="g">399.00</subfield>
    <subfield code="l">0</subfield>
    <subfield code="o">000 SHA</subfield>
    <subfield code="p">B-311741</subfield>
    <subfield code="r">2009-05-18 00:00:00</subfield>
    <subfield code="t">1</subfield>
    <subfield code="v">399.00</subfield>
    <subfield code="w">2009-05-18</subfield>
    <subfield code="y">EN</subfield>
  </datafield>
  <datafield tag="952" ind1=" " ind2=" ">
    <subfield code="0">0</subfield>
    <subfield code="1">0</subfield>
    <subfield code="2">ddc</subfield>
    <subfield code="4">0</subfield>
    <subfield code="7">0</subfield>
    <subfield code="8">NFIC</subfield>
    <subfield code="a">VP</subfield>
    <subfield code="b">VP</subfield>
    <subfield code="d">2009-05-18</subfield>
    <subfield code="e">UBH/280/19.1.09/265/12.12.08/20.1.09</subfield>
    <subfield code="g">399.00</subfield>
    <subfield code="l">14</subfield>
    <subfield code="m">3</subfield>
    <subfield code="o">000 SHA</subfield>
    <subfield code="p">B-311742</subfield>
    <subfield code="r">2025-06-09 00:00:00</subfield>
    <subfield code="s">2025-04-24</subfield>
    <subfield code="t">1</subfield>
    <subfield code="v">399.00</subfield>
    <subfield code="w">2009-05-18</subfield>
    <subfield code="y">EN</subfield>
  </datafield>
  <datafield tag="952" ind1=" " ind2=" ">
    <subfield code="0">0</subfield>
    <subfield code="1">0</subfield>
    <subfield code="2">ddc</subfield>
    <subfield code="4">0</subfield>
    <subfield code="7">0</subfield>
    <subfield code="8">NFIC</subfield>
    <subfield code="a">BL3</subfield>
    <subfield code="b">BL3</subfield>
    <subfield code="d">2009-05-18</subfield>
    <subfield code="e">UBH/280/19.1.09/265/12.12.08/20.1.09</subfield>
    <subfield code="g">399.00</subfield>
    <subfield code="l">0</subfield>
    <subfield code="o">000 SHA</subfield>
    <subfield code="p">B-311743</subfield>
    <subfield code="r">2009-05-18 00:00:00</subfield>
    <subfield code="t">1</subfield>
    <subfield code="v">399.00</subfield>
    <subfield code="w">2009-05-18</subfield>
    <subfield code="y">EN</subfield>
  </datafield>
  <datafield tag="952" ind1=" " ind2=" ">
    <subfield code="0">4</subfield>
    <subfield code="1">0</subfield>
    <subfield code="2">ddc</subfield>
    <subfield code="4">0</subfield>
    <subfield code="7">0</subfield>
    <subfield code="8">NFIC</subfield>
    <subfield code="a">NR</subfield>
    <subfield code="b">NR</subfield>
    <subfield code="d">2009-05-18</subfield>
    <subfield code="e">UBH/280/19.1.09/265/12.12.08/20.1.09</subfield>
    <subfield code="g">399.00</subfield>
    <subfield code="l">0</subfield>
    <subfield code="o">000 SHA</subfield>
    <subfield code="p">B-311744</subfield>
    <subfield code="r">2009-05-18 00:00:00</subfield>
    <subfield code="t">1</subfield>
    <subfield code="v">399.00</subfield>
    <subfield code="w">2009-05-18</subfield>
    <subfield code="y">EN</subfield>
    <subfield code="z">Written off on approval by DLB (By Circulation); dtd 20.12.2022</subfield>
  </datafield>
  <datafield tag="952" ind1=" " ind2=" ">
    <subfield code="0">0</subfield>
    <subfield code="1">0</subfield>
    <subfield code="2">ddc</subfield>
    <subfield code="4">0</subfield>
    <subfield code="7">0</subfield>
    <subfield code="8">NFIC</subfield>
    <subfield code="a">BN</subfield>
    <subfield code="b">BN</subfield>
    <subfield code="d">2009-05-18</subfield>
    <subfield code="e">UBH/280/19.1.09/265/12.12.08/20.1.09</subfield>
    <subfield code="g">399.00</subfield>
    <subfield code="l">0</subfield>
    <subfield code="o">000 SHA</subfield>
    <subfield code="p">B-311745</subfield>
    <subfield code="r">2009-05-18 00:00:00</subfield>
    <subfield code="t">1</subfield>
    <subfield code="v">399.00</subfield>
    <subfield code="w">2009-05-18</subfield>
    <subfield code="y">EN</subfield>
  </datafield>
  <datafield tag="952" ind1=" " ind2=" ">
    <subfield code="0">0</subfield>
    <subfield code="1">0</subfield>
    <subfield code="2">ddc</subfield>
    <subfield code="4">0</subfield>
    <subfield code="7">0</subfield>
    <subfield code="8">NFIC</subfield>
    <subfield code="a">BL4</subfield>
    <subfield code="b">BL4</subfield>
    <subfield code="d">2009-05-18</subfield>
    <subfield code="e">UBH/280/19.1.09/265/12.12.08/20.1.09</subfield>
    <subfield code="g">399.00</subfield>
    <subfield code="l">0</subfield>
    <subfield code="o">000 SHA</subfield>
    <subfield code="p">B-311746</subfield>
    <subfield code="r">2009-05-18 00:00:00</subfield>
    <subfield code="t">1</subfield>
    <subfield code="v">399.00</subfield>
    <subfield code="w">2009-05-18</subfield>
    <subfield code="y">EN</subfield>
  </datafield>
  <datafield tag="952" ind1=" " ind2=" ">
    <subfield code="0">0</subfield>
    <subfield code="1">0</subfield>
    <subfield code="2">ddc</subfield>
    <subfield code="4">0</subfield>
    <subfield code="7">0</subfield>
    <subfield code="8">NFIC</subfield>
    <subfield code="a">RC</subfield>
    <subfield code="b">RC</subfield>
    <subfield code="d">2009-05-18</subfield>
    <subfield code="e">UBH/280/19.1.09/265/12.12.08/20.1.09</subfield>
    <subfield code="g">399.00</subfield>
    <subfield code="l">0</subfield>
    <subfield code="o">000 SHA</subfield>
    <subfield code="p">B-311747</subfield>
    <subfield code="r">2009-05-18 00:00:00</subfield>
    <subfield code="t">4</subfield>
    <subfield code="v">399.00</subfield>
    <subfield code="w">2009-05-18</subfield>
    <subfield code="y">EN</subfield>
  </datafield>
  <datafield tag="952" ind1=" " ind2=" ">
    <subfield code="0">0</subfield>
    <subfield code="1">0</subfield>
    <subfield code="2">ddc</subfield>
    <subfield code="4">0</subfield>
    <subfield code="7">0</subfield>
    <subfield code="8">NFIC</subfield>
    <subfield code="a">RC</subfield>
    <subfield code="b">RC</subfield>
    <subfield code="d">2009-05-18</subfield>
    <subfield code="e">UBH/280/19.1.09/265/12.12.08/20.1.09</subfield>
    <subfield code="g">399.00</subfield>
    <subfield code="l">0</subfield>
    <subfield code="o">000 SHA</subfield>
    <subfield code="p">B-311748</subfield>
    <subfield code="r">2009-05-18 00:00:00</subfield>
    <subfield code="t">4</subfield>
    <subfield code="v">399.00</subfield>
    <subfield code="w">2009-05-18</subfield>
    <subfield code="y">EN</subfield>
  </datafield>
  <datafield tag="952" ind1=" " ind2=" ">
    <subfield code="0">0</subfield>
    <subfield code="1">0</subfield>
    <subfield code="2">ddc</subfield>
    <subfield code="4">0</subfield>
    <subfield code="7">0</subfield>
    <subfield code="8">NFIC</subfield>
    <subfield code="a">RC</subfield>
    <subfield code="b">RC</subfield>
    <subfield code="d">2009-05-18</subfield>
    <subfield code="e">UBH/280/19.1.09/265/12.12.08/20.1.09</subfield>
    <subfield code="g">399.00</subfield>
    <subfield code="l">0</subfield>
    <subfield code="o">000 SHA</subfield>
    <subfield code="p">B-311749</subfield>
    <subfield code="r">2009-05-18 00:00:00</subfield>
    <subfield code="t">4</subfield>
    <subfield code="v">399.00</subfield>
    <subfield code="w">2009-05-18</subfield>
    <subfield code="y">EN</subfield>
  </datafield>
  <datafield tag="952" ind1=" " ind2=" ">
    <subfield code="0">0</subfield>
    <subfield code="1">0</subfield>
    <subfield code="2">ddc</subfield>
    <subfield code="4">0</subfield>
    <subfield code="7">0</subfield>
    <subfield code="8">NFIC</subfield>
    <subfield code="a">ZLS</subfield>
    <subfield code="b">ZLS</subfield>
    <subfield code="d">2009-05-18</subfield>
    <subfield code="e">UBH/280/19.1.09/265/12.12.08/20.1.09</subfield>
    <subfield code="g">399.00</subfield>
    <subfield code="l">6</subfield>
    <subfield code="m">4</subfield>
    <subfield code="o">000 SHA</subfield>
    <subfield code="p">B-311750</subfield>
    <subfield code="r">2024-12-30 00:00:00</subfield>
    <subfield code="s">2024-11-26</subfield>
    <subfield code="t">4</subfield>
    <subfield code="v">399.00</subfield>
    <subfield code="y">EN</subfield>
  </datafield>
  <datafield tag="952" ind1=" " ind2=" ">
    <subfield code="0">0</subfield>
    <subfield code="1">0</subfield>
    <subfield code="2">ddc</subfield>
    <subfield code="4">0</subfield>
    <subfield code="7">0</subfield>
    <subfield code="8">NFIC</subfield>
    <subfield code="a">JP</subfield>
    <subfield code="b">JP</subfield>
    <subfield code="d">2009-09-14</subfield>
    <subfield code="e">UBH//095/8.9.09/94/4.9.09/11.9.09</subfield>
    <subfield code="g">425.00</subfield>
    <subfield code="l">53</subfield>
    <subfield code="m">10</subfield>
    <subfield code="o">000 SHA</subfield>
    <subfield code="p">B-357628</subfield>
    <subfield code="r">2014-05-10 00:00:00</subfield>
    <subfield code="s">2014-04-25</subfield>
    <subfield code="t">1</subfield>
    <subfield code="v">425.00</subfield>
    <subfield code="w">2009-09-14</subfield>
    <subfield code="y">EN</subfield>
  </datafield>
</record>
